000 01808nam a2200241Ia 4500
003 Ost
005 20260507075336.0
008 260507s9999||||xx |||||||||||||| ||und||
040 _cfsecg
041 _aara
082 _a330
100 _aالشرتوني، ميشال بيار
_eمؤلف
245 0 _aالوجيز في الدراسات المصرفية و التجارية /
_c ميشال بيار الشرتوني
260 _aبيروت:
_bالمؤسسة الحديثة للكتاب,
_c2010
300 _a359 صفحة؛
_c25 سم
520 _aعقد الايجار التمويلي و تطوير السوق المالية و العقود الإئتمانية ، تنظيم مهنة الوساطة المالية و الأصول الواجب إتباعها عند فقدان حيازة الأسهم و سندات الدين و القسائم و غيرها من القيم المنقولة لحامله ، الأسهم و سندات الدين التي تصدرها الشركات المغفلة و السندات القابلة التحول الى أسهم و أسهم المصارف اللبنانية ، المصارف المتخصصة ، تسنيد الموجودات ، قروض الدعم و سندات الدين المرؤوسة مكافحة تبييض الاموال ، شهادة الايداع العمومية و المصرفية و هيئات الاستثمار الجماعي بالقيم المنقولة و سائر الأدوات المالية ، المصارف الاسلامية في لبنان و بورصة بيروت مع وجود نصوص قانونية مصرفية
653 _aالأسهم
653 _aالبنوك
653 _aالبورصات
653 _aالتجارة
700 _aالياس، أبو عبيد
_eمؤلف ثانوي
942 _cكتاب
999 _c44047
_d44047